[Event "Druga liga centralne Srbije grupa "]
[Site "?"]
[Date "2016.10.06"]
[Round "6.6"]
[White "Aleksic, Milan"]
[Black "Baralic, Nebojsa"]
[Result "1/2-1/2"]
[WhiteElo "2259"]
[BlackElo "2241"]
[PlyCount "45"]
[EventDate "2016.09.04"]

1. e4 d5 2. exd5 Qxd5 3. Nc3 Qa5 4. d4 Nf6 5. Bc4 c6 6. Nf3 Bg4 7. h3 Bxf3 8.
Qxf3 e6 9. O-O Nbd7 10. Ne4 Nxe4 11. Qxe4 Nf6 12. Qh4 O-O-O 13. c3 h6 14. Qg3
Rg8 15. b4 Qc7 16. Qf3 Bd6 17. b5 c5 18. Be3 Kb8 19. Rfc1 Nd5 20. Bxd5 exd5 21.
dxc5 Bxc5 22. Bd4 f6 23. a4 1/2-1/2

[Event "Druga liga centralne Srbije grupa "]
[Site "?"]
[Date "2016.10.06"]
[Round "6.6"]
[White "Baralic, Milan"]
[Black "Markovic, Sasa"]
[Result "1/2-1/2"]
[WhiteElo "2158"]
[BlackElo "2136"]
[PlyCount "20"]
[EventDate "2016.09.04"]

1. d4 Nf6 2. Nf3 e6 3. Bf4 b6 4. e3 Ba6 5. Bd3 Bxd3 6. Qxd3 Be7 7. e4 O-O 8.
Nc3 d6 9. O-O-O a5 10. h3 d5 1/2-1/2

[Event "Druga liga centralne Srbije grupa "]
[Site "?"]
[Date "2016.10.06"]
[Round "6.6"]
[White "Djokovic, Ivan"]
[Black "Sevic, Slobodan"]
[Result "1/2-1/2"]
[WhiteElo "2191"]
[BlackElo "2145"]
[PlyCount "34"]
[EventDate "2016.09.04"]

1. e4 c5 2. Nf3 Nc6 3. Nc3 g6 4. d4 cxd4 5. Nxd4 Bg7 6. Be3 Nf6 7. Be2 O-O 8.
O-O d6 9. h3 Bd7 10. Qd2 a6 11. f4 Qc7 12. Bf3 Rac8 13. Rf2 Na5 14. Be2 Nc4 15.
Bxc4 Qxc4 16. f5 b5 17. Qd3 b4 1/2-1/2

[Event "Druga liga centralne Srbije grupa "]
[Site "?"]
[Date "2016.10.06"]
[Round "6.6"]
[White "Jacimovic, Slavisa"]
[Black "Jovanovic, Milovan"]
[Result "0-1"]
[WhiteElo "2151"]
[BlackElo "2102"]
[PlyCount "106"]
[EventDate "2016.09.04"]

1. e4 e5 2. Nc3 Nc6 3. Nf3 Nf6 4. Bc4 Bb4 5. O-O O-O 6. d3 Bxc3 7. bxc3 h6 8.
Bb3 d5 9. exd5 Nxd5 10. c4 Nde7 11. h3 Ng6 12. Be3 Be6 13. Re1 Qd7 14. Ba4 f6
15. Nh2 Nge7 16. Rb1 Qc8 17. Qf3 Bd7 18. Bc5 Rf7 19. c3 Rb8 20. Rbd1 b6 21. Ba3
Nd4 22. cxd4 Bxa4 23. Rd2 Bc6 24. d5 Bd7 25. Bxe7 Rxe7 26. d4 Qf8 27. dxe5 Rxe5
28. Rxe5 fxe5 29. Qxf8+ Kxf8 30. Re2 Re8 31. Nf3 e4 32. Nd4 Kf7 33. f3 exf3 34.
Rxe8 Bxe8 35. Nxf3 Ke7 36. Kf2 Kd6 37. Ke3 Kc5 38. Kd3 b5 39. Nd4 bxc4+ 40. Kc3
Bd7 41. Ne6+ Bxe6 42. dxe6 Kd6 43. Kxc4 Kxe6 44. Kc5 Kd7 45. a4 c6 46. a5 Kc7
47. h4 h5 48. g3 Kd7 49. Kc4 Kd6 50. Kd4 c5+ 51. Kc4 a6 52. Kc3 Kd5 53. Kd3 c4+
0-1

[Event "Druga liga centralne Srbije grupa "]
[Site "?"]
[Date "2016.10.06"]
[Round "6.6"]
[White "Markovic, Miroslav R"]
[Black "Alempijevic, Andrija"]
[Result "1-0"]
[WhiteElo "2097"]
[BlackElo "2058"]
[PlyCount "73"]
[EventDate "2016.09.04"]

1. d4 e6 2. c4 d5 3. Nc3 Nf6 4. Bg5 Be7 5. e3 b6 6. Nf3 Nbd7 7. Rc1 Bb7 8. a3
O-O 9. b4 dxc4 10. Bxc4 Ne4 11. Nxe4 Bxe4 12. Bf4 a5 13. Qb3 axb4 14. axb4 Bxf3
15. gxf3 Bd6 16. Bg3 Qe7 17. b5 Ra3 18. Qb1 Rfa8 19. O-O e5 20. Bd5 R8a4 21.
dxe5 Bxe5 22. Bc6 g6 23. Rcd1 Nf6 24. Rd2 Ra1 25. Qd3 Rxf1+ 26. Kxf1 Kg7 27.
Kg2 Qc5 28. f4 Ra3 29. fxe5 Rxd3 30. exf6+ Kxf6 31. Rxd3 h5 32. Rd5 Qc3 33. Rd4
g5 34. Bxc7 h4 35. Bd8+ Ke6 36. Bxg5 Qb3 37. Bd5+ 1-0